| 000 | 00497ntaaa2200193 4500 | ||
|---|---|---|---|
| 003 | 01 | ||
| 005 | 20251027201659.0 | ||
| 008 | 0714s1973 ag 01 | ||
| 040 |
_aAR-BaBN _bspa _cAR-BaBN _eaacr _dRIC |
||
| 082 | _a232.9580 H65 | ||
| 100 | _aHobbs, Herschel H. | ||
| 245 | _aCrucial words from calvary | ||
| 250 | _a1 ed. | ||
| 260 |
_aGrand Rapids : _bBaker Book, _c1958 |
||
| 300 | _a103 p | ||
| 650 |
_aCrucifixión _910834 |
||
| 650 |
_aUltimas siete palabras de la cruz _915484 |
||
| 942 | _cBK | ||
| 999 |
_c11555 _d11555 |
||